| 000 | 00556nam a22001817a 4500 | ||
|---|---|---|---|
| 003 | SISC | ||
| 005 | 20160712105748.0 | ||
| 008 | 160712b xxu||||| |||| 00| 0 eng d | ||
| 020 | _a9780199138760 | ||
| 050 | _aQH 315 .P595 2011 | ||
| 245 |
_aComplete biology for cambridge IGCSE / _cRon Pickering. |
||
| 250 | _a2nd ed. | ||
| 260 |
_aNew York : _bOxford University Press, _c2011 |
||
| 300 | _a1 CD | ||
| 650 | _aBiology--Study and teaching (Secondary). | ||
| 650 | _aBiology--Study and teaching (Secondary)--Activity programs. | ||
| 942 |
_2lcc _cAVM |
||
| 999 |
_c296252 _d296252 |
||